| 000 | 00994pab a2200181 454500 | ||
|---|---|---|---|
| 008 | 180718b1997 xxu||||| |||| 00| 0 eng d | ||
| 100 | _aPinto, Marina R. | ||
| 245 | _aCivil service neutrality in India - The career of a concept | ||
| 260 | _c1997 | ||
| 300 | _ap.596-610. | ||
| 362 | _aJul-Sep | ||
| 520 | _aFollowing a discussion on conceptual aspects, background and justification of civil service neutrality in India along with its political context, the author traces the journey of the concept during different phases of Indian system of governance, i.e., ICS, Nehru era, Indira Gandhi era and post Indira Gandhi era, and highlights its characteristic features under each phase. She then picks up civil service activism for discussion covering its pros and cons and future probabilities before concluding the piece. - Reproduced | ||
| 650 | _aCivil service - India | ||
| 650 | _aCivil service | ||
| 773 | _aIndian Journal of Public Administration | ||
| 908 | _aN | ||
| 909 | _a36293 | ||
| 999 |
_c36293 _d36293 |
||